Microbiology : (Record no. 18928)
[ view plain ]
| 000 -LEADER | |
|---|---|
| fixed length control field | 00732nam a22002532 4500 |
| 001 - CONTROL NUMBER | |
| control field | 0000006155 |
| 003 - CONTROL NUMBER IDENTIFIER | |
| control field | OSt |
| 005 - DATE AND TIME OF LATEST TRANSACTION | |
| control field | 20210430123056.0 |
| 008 - FIXED-LENGTH DATA ELEMENTS--GENERAL INFORMATION | |
| fixed length control field | 070920s xx 000 0 eng d |
| 020 ## - INTERNATIONAL STANDARD BOOK NUMBER | |
| International Standard Book Number | 1292276266 |
| 040 ## - CATALOGING SOURCE | |
| Original cataloging agency | KABU |
| Transcribing agency | KABU |
| 050 ## - LIBRARY OF CONGRESS CALL NUMBER | |
| Classification number | QR41.2 |
| Item number | .T67 2021 c.1 |
| 100 1# - MAIN ENTRY--PERSONAL NAME | |
| Personal name | Tortora, Gerard J. |
| 245 10 - TITLE STATEMENT | |
| Title | Microbiology : |
| Remainder of title | an introduction / |
| Statement of responsibility, etc. | Gerard J. Tortora, Berdell R. Funke and Christine L. Case. |
| 250 ## - EDITION STATEMENT | |
| Edition statement | 13th ed. |
| 260 ## - PUBLICATION, DISTRIBUTION, ETC. (IMPRINT) | |
| Place of publication, distribution, etc. | Delhi : |
| Name of publisher, distributor, etc. | Pearson Educ, |
| Date of publication, distribution, etc. | 2021 |
| 300 ## - PHYSICAL DESCRIPTION | |
| Extent | 9 Vol (various pagings) |
| 650 #0 - SUBJECT ADDED ENTRY--TOPICAL TERM | |
| Topical term or geographic name as entry element | Microbiology. |
| 700 1# - ADDED ENTRY--PERSONAL NAME | |
| Personal name | Funke, Berdell R. |
| 700 1# - ADDED ENTRY--PERSONAL NAME | |
| Personal name | Case, Christine L. |
| 908 ## - PUT COMMAND PARAMETER (RLIN) | |
| Put command parameter | 070920 |
| 942 ## - ADDED ENTRY ELEMENTS (KOHA) | |
| Source of classification or shelving scheme | Library of Congress Classification |
| Koha item type | General Collection |
| Withdrawn status | Lost status | Source of classification or shelving scheme | Not for loan | Home library | Current library | Date acquired | Cost, normal purchase price | Total Checkouts | Total Renewals | Full call number | Barcode | Date last seen | Date last checked out | Price effective from | Koha item type |
|---|---|---|---|---|---|---|---|---|---|---|---|---|---|---|---|
| Library of Congress Classification | Kabarak, Main Campus | Kabarak, Main Campus | 30/04/2021 | 6828.00 | 1 | 1 | QR41.2 .T67 2021 c.1 | 030736 | 07/08/2023 | 08/07/2023 | 30/04/2021 | General Collection | |||
| Library of Congress Classification | Kabarak, Main Campus | Kabarak, Main Campus | 30/04/2021 | 6828.00 | 1 | QR41.2 .T67 2021 c.2 | 030737 | 10/07/2023 | 12/06/2023 | 30/04/2021 | General Collection | ||||
| Library of Congress Classification | Kabarak, Main Campus | Kabarak, Main Campus | 30/04/2021 | 6828.00 | 3 | QR41.2 .T67 2021 c.3 | 030738 | 22/07/2025 | 19/07/2025 | 30/04/2021 | General Collection | ||||
| Library of Congress Classification | Kabarak, Main Campus | Kabarak, Main Campus | 30/04/2021 | 6828.00 | 2 | QR41.2 .T67 2021 c.4 | 030739 | 28/05/2025 | 13/05/2025 | 30/04/2021 | General Collection | ||||
| Library of Congress Classification | Kabarak, Main Campus | Kabarak, Main Campus | 30/04/2021 | 6828.00 | 4 | QR41.2 .T67 2021 c.5 | 030740 | 13/02/2024 | 30/01/2024 | 30/04/2021 | General Collection | ||||
| Library of Congress Classification | Kabarak, Main Campus | Kabarak, Main Campus | 30/04/2021 | 6828.00 | 2 | QR41.2 .T67 2021 c.6 | 030741 | 14/03/2025 | 05/03/2025 | 30/04/2021 | General Collection | ||||
| Library of Congress Classification | Kabarak, Main Campus | Kabarak, Main Campus | 30/04/2021 | 6828.00 | QR41.2 .T67 2021 c.7 | 030742 | 30/04/2021 | 30/04/2021 | General Collection | ||||||
| Library of Congress Classification | Kabarak, Main Campus | Kabarak, Main Campus | 30/04/2021 | 6828.00 | 4 | 2 | QR41.2 .T67 2021 c.8 | 030743 | 16/03/2023 | 06/03/2023 | 30/04/2021 | General Collection | |||
| Library of Congress Classification | Kabarak, Main Campus | Kabarak, Main Campus | 30/04/2021 | 6828.00 | QR41.2 .T67 2021 c.9 | 030744 | 30/04/2021 | 30/04/2021 | General Collection |